00303pab a2200121 454500008004000000100001500040245005100055260000900106300001000115362001400125650002900139773001300168180718b1988 xxu||||| |||| 00| 0 eng d aBlore, Ian aWhy reform local government finance in Britain c1988 a19-25 aJan.-Mar. aMunicipal Finance - U.K. aNagarlok